00421nam a2200145Ia 4500008004100000040001900041041001200060082002500072245005600097260003000153300003100183504002200214650002100236850001800257131103s9999 xx 000 0 und d aLoreto College aEnglish a378/UNIbLCLIB/26170 2aA survey of the teaching of physics at universities aNetherlandsbUnescoc1966 a396p.b ill.,chart, tables aIncludes appendix aHigher education aLCLIB/378/UNE